India's Borders Quiz Stats

Quiz Updated Feb 23, 2016

Also try: The India Quiz
Challenge
Share
Tweet
Embed
Score 0/6 Timer 01:00
12 Plays Today
Country % Correct
Pakistan
96.5%
China
95.4%
Nepal
91.6%
Bangladesh
87.1%
Bhutan
72%
Myanmar
69.5%

You're not logged in!

Compare scores with friends on all Sporcle quizzes.
Sign Up with Email
OR
Log In

You Might Also Like...

Show Comments

Extras

Top Quizzes Today


Score Distribution

Your Account Isn't Verified!

In order to create a playlist on Sporcle, you need to verify the email address you used during registration. Go to your Sporcle Settings to finish the process.